Normal view
MARC view
Entry Topical Term
001 - CONTROL NUMBER
- control field: 8264
003 - CONTROL NUMBER IDENTIFIER
- control field: BD-RjUL
005 - DATE AND TIME OF LATEST TRANSACTION
- control field: 20230809130238.0
008 - FIXED-LENGTH DATA ELEMENTS
- fixed length control field: 230809|| aca||aabn | a|a d
040 ## - CATALOGING SOURCE
- Original cataloging agency: BD-RjUL
- Transcribing agency: BD-RjUL
150 ## - HEADING--TOPICAL TERM
- Topical term or geographic name entry element: Gold
- General subdivision: Mines and mining
- Geographic subdivision: Russia (Federation)
- Geographic subdivision: Siberia
670 ## - SOURCE DATA FOUND
- Source citation: Work cat.: (BD-RjUL)81659: Petrov, Vladimir, 1915-1999. 8263, ;فتاة و ذهب Soviet gold , 1953